極南之星 . 旅途 . I
| 資料類型: | 圖書 | 書目號: | 51002 |
Leader xxxxxxxxxx 001 __ 102456/4/01 005 __ 20170410105851.816 010 0_ |a9789865660543|b第1冊 : 平裝|d新臺幣230元 042 __ |anbic 100 __ |a20170410d2015 k y0chiy50 b 101 0_ |achi 102 __ |atw 105 __ |aaf z 000ay 200 1_ |a極南之星|hI|i旅途|donce upon a time|f滅著|g撒呀繪 205 __ |a第1版 210 __ |a新北市|c普天出版|c旭昇圖書總經銷|d2015[民104] 215 0_ |a288面|c部分彩色摺圖|d21公分 225 12 |a捕夢網|v36 510 1_ |aonce upon a time|zeng 517 1_ |a旅途|zchi 606 __ |2cst|a小說 700 _0 |a滅|4著 702 _0 |a撒呀|4繪 681 __ |a857.7|b82 v.1 801 _0 |atw|bLibDipper|c20170410|gCCR |